Cuentos orientales / (Record no. 141056)

MARC details
000 -LEADER
campo de control de longitud fija 00520nam a2200181 i 4500
001 - NÚMERO DE CONTROL
campo de control 141056
003 - IDENTIFICADOR DE NÚMERO DE CONTROL
campo de control ES-MaACL
005 - FECHA Y HORA DE LA ÚLTIMA TRANSACCIÓN
campo de control 20230906200219.0
007 - CAMPO FIJO DE DESCRIPCIÓN FÍSICA--INFORMACIÓN GENERAL
campo de control de longitud fija t|
008 - DATOS DE LONGITUD FIJA--INFORMACIÓN GENERAL
campo de control de longitud fija 070919s1982 sp ||||1| spa d
020 ## - NÚMERO INTERNACIONAL ESTÁNDAR DEL LIBRO
Número Internacional Estándar del Libro 84-204-2213-4
100 1# - ENTRADA PRINCIPAL--NOMBRE DE PERSONA
Nombre de persona Yourcenar, Marguerite.
9 (RLIN) 117708
245 10 - MENCIÓN DEL TÍTULO
Título Cuentos orientales /
Mención de responsabilidad, etc. Marguerite Yourcenar ; traducción de Emma Calatayud.
260 ## - PUBLICACIÓN, DISTRIBUCIÓN, ETC.
Lugar de publicación, distribución, etc. [Madrid] :
Nombre del editor, distribuidor, etc. Alfaguara,
Fecha de publicación, distribución, etc. [1982]
300 ## - DESCRIPCIÓN FÍSICA
Extensión 165 p. ;
Dimensiones 20 cm.
700 1# - ENTRADA AGREGADA--NOMBRE PERSONAL
Nombre de persona Calatayud, Emma.
9 (RLIN) 33533
852 ## - LOCALIZACIÓN
Ubicación ES-MaACL
Número de control de estantería L-4363
Holdings
Estatus retirado Estado de pérdida Estado de daño No para préstamo Biblioteca de origen Biblioteca actual Ubicación en estantería Fecha de adquisición Fuente de adquisición Total de préstamos Signatura topográfica completa Código de barras Visto por última vez Precio de reemplazo Tipo de ítem Koha
        Biblioteca del Ateneo de Madrid Biblioteca del Ateneo de Madrid Depósito 2 17/01/2008     L-4363 1146774 23/02/2023 23/02/2023 Libro impreso